00826nam a22002417a 450000500170000001000130001702000230003003500130005303700160006604000120008208200170009410000270011124500590013826000460019727000480024330000260029150000330031765000290035065000320037994200260041199900190043795201280045620170124110204.0 aB-061400 c350.00a8120318935 aB-061400 bCen Lib/Ret aDPLbEN a005.369bWEM aWempen, Faithe 936809 aMicrosoft access 2002 fast & easy /cby Faithe Wempen  aNew Delhi bPrentice Hall of India c2001 bNew Delhi aM-97, connaught circus e110001 axxii, 377p.c21cm(Hb) aIncludes index and glossary  aComputer science 936810 aNetwork accessening 936811 2ddccENh005.369mWEM c133099d133099 00104070aLbLd2015-07-24eCen Lib/Retg350.00l0o005.369 WEMpB-061400r2015-07-24 00:00:00t1v350.00w2015-07-24yEN